| 000 | 00550nam a2200229 i 4500 | ||
|---|---|---|---|
| 001 | bgj | ||
| 100 | 1 |
_aDOYLE, Roddy _d(1958- ). |
|
| 245 | 1 | 0 |
_aThe Commitments / _cRoddy Doyle. |
| 260 |
_aLondon : _bMinerva, _c1991. |
||
| 300 |
_a165 pp ; _c20 cm. |
||
| 650 | 9 | _aSoul musicians | |
| 650 | 9 | _aBands (Music) | |
| 650 | 9 | _aMusical fiction | |
| 651 | 9 | _aDublin (Ireland) | |
| 655 | _aFiction | ||
| 020 | _a074939801 | ||
| 040 | _cBPK | ||
| 041 | 0 | _aeng | |
| 920 | _a0-7493-9801 | ||
| 942 | _cKS | ||
| 008 | s uk f |000 0 eng | ||
| 999 |
_c48912 _d48912 |
||
| 856 |
_uhttp://koha.tu.koszalin.pl/cgi-bin/koha/opac-detail.pl?biblionumber=48912 _yKatalog online BPK |
||